000 00533nam a2200121Ia 4500
008 220615s9999||||xx |||||||||||||| ||und||
100 _aBulgarelli, Daniela||Besio, Serenella||Stancheva-Popkostadinova, Vaska
245 0 _aPlay development in children with disabilties
546 _aEnglish[eng]
650 _aOccupational Therapy||Early intervention||Toys||Inclusion||Play for the sake of play||Impairment||Children's rights||Environmental factors||Special education
856 _uhttps://doi.org/10.1515/9783110522143
942 _cEB
999 _c15677
_d15677